<?xml version="1.0" encoding="UTF-8"?><?xml-stylesheet type="text/xsl" href="static/style.xsl"?><OAI-PMH xmlns="http://www.openarchives.org/OAI/2.0/" xmlns:xsi="http://www.w3.org/2001/XMLSchema-instance" xsi:schemaLocation="http://www.openarchives.org/OAI/2.0/ http://www.openarchives.org/OAI/2.0/OAI-PMH.xsd"><responseDate>2026-04-18T21:50:54Z</responseDate><request verb="GetRecord" identifier="oai:recam.amb.cat:20.500.14439/1730" metadataPrefix="marc">https://recam.amb.cat/rest/oai/request</request><GetRecord><record><header><identifier>oai:recam.amb.cat:20.500.14439/1730</identifier><datestamp>2025-01-22T11:25:12Z</datestamp><setSpec>com_20.500.14439_124</setSpec><setSpec>col_20.500.14439_136</setSpec></header><metadata><record xmlns="http://www.loc.gov/MARC21/slim" xmlns:dcterms="http://purl.org/dc/terms/" xmlns:xsi="http://www.w3.org/2001/XMLSchema-instance" xmlns:doc="http://www.lyncode.com/xoai" xsi:schemaLocation="http://www.loc.gov/MARC21/slim http://www.loc.gov/standards/marcxml/schema/MARC21slim.xsd">
   <leader>00925njm 22002777a 4500</leader>
   <datafield ind2=" " ind1=" " tag="042">
      <subfield code="a">dc</subfield>
   </datafield>
   <datafield ind2=" " ind1=" " tag="720">
      <subfield code="a">Àrea Metropolitana de Barcelona</subfield>
      <subfield code="e">author</subfield>
   </datafield>
   <datafield ind2=" " ind1=" " tag="260">
      <subfield code="c">2022-07-01</subfield>
   </datafield>
   <datafield ind2=" " ind1=" " tag="520">
      <subfield code="a">Aquest resum recull la metodologia, els detalls i les conclusions de la darrera edició del Programa ARIE, una iniciativa d'atracció i retenció d'inversió empresarial impulsada per l'Àrea Metropolitana de Barcelona (AMB).  El Programa ARIE està orientat a fomentar la captació de projectes d'expansió i de creixement d'empreses implantades al territori metropolità. A més, planteja millorar l'eficàcia i eficiència en el suport de la gestió de tots els serveis i recursos destinats a aquest fi.</subfield>
   </datafield>
   <datafield ind1="8" ind2=" " tag="024">
      <subfield code="a">https://hdl.handle.net/20.500.14439/1730</subfield>
   </datafield>
   <datafield ind1="8" ind2=" " tag="024">
      <subfield code="a">13913841</subfield>
   </datafield>
   <datafield tag="653" ind2=" " ind1=" ">
      <subfield code="a">Empreses</subfield>
   </datafield>
   <datafield tag="653" ind2=" " ind1=" ">
      <subfield code="a">Inversions</subfield>
   </datafield>
   <datafield ind2="0" ind1="0" tag="245">
      <subfield code="a">Resum activitat 2020/22 PROGRAMA AIRE: Programa d'Atracció i Retenció d'Inversió Empresarial a l'Àrea Metropolitana de Barcelona</subfield>
   </datafield>
</record></metadata></record></GetRecord></OAI-PMH>